Prachya aru pashatyar nirbachita rajnaitik chintabid. (Record no. 762)

MARC details
000 -LEADER
fixed length control field 00513cam a2200181ua 4500
008 - FIXED-LENGTH DATA ELEMENTS--GENERAL INFORMATION
fixed length control field 110421n ii |||gr||||Z||||||eng
040 ## - CATALOGING SOURCE
Transcribing agency MAIN
082 ## - DEWEY DECIMAL CLASSIFICATION NUMBER
Classification number 320.5
245 1# - TITLE STATEMENT
Title Prachya aru pashatyar nirbachita rajnaitik chintabid.
Statement of responsibility, etc. By Jaigeswar Borah.
250 ## - EDITION STATEMENT
Edition statement 3rd.
260 ## - PUBLICATION, DISTRIBUTION, ETC.
Place of publication, distribution, etc. Jorhat.:
Name of publisher, distributor, etc. Unika prakashan.,
Date of publication, distribution, etc. 2005.
300 ## - PHYSICAL DESCRIPTION
Extent 307 p.:
Dimensions 20 cm.
700 ## - ADDED ENTRY--PERSONAL NAME
Personal name Borah, Jaigeswar.,
942 ## - ADDED ENTRY ELEMENTS (KOHA)
Koha item type Books
653 ## - INDEX TERM--UNCONTROLLED
Uncontrolled term Political science.
653 ## - INDEX TERM--UNCONTROLLED
Uncontrolled term Pachya aru pachatyar nirbasita rajnaitik chintabid.
Holdings
Withdrawn status Lost status Damaged status Not for loan Home library Current library Shelving location Date acquired Total Checkouts Full call number Barcode Date last seen Copy number Price effective from Koha item type
        Naharkatiya College Library Naharkatiya College Library   19/09/2020   320.5 | BOR 18595 19/09/2020 3 19/09/2020 Books
        Naharkatiya College Library Naharkatiya College Library   19/09/2020   320.5 | BOR 18596 19/09/2020 1 19/09/2020 Books
        Naharkatiya College Library Naharkatiya College Library   19/09/2020   320.5 | BOR 18598 19/09/2020 2 19/09/2020 Books

Naharkatiya College © 2020. All rights reserved.

Powered By